000 00459nam a2200169Ia 4500
003 GCL
008 140319s9999 xx 000 0 ara d
040 _aGCL /
_cGCL
082 0 4 _a928.1
_bع ا
100 1 _aعبدالحليم عباس
245 1 0 _aابو نواس /
_cعبدالحليم عباس
300 _a136 ص
490 _aاقرأ
_v0
650 0 4 _aالشعراء العرب
650 0 4 _aالشعر العربى - تراجم
942 _2ddc
_cBK
999 _c42364
_d42364